00401nam a22001337a 4500020001800000082002400018245007700042260004500119300001000164650003100174650002500205650001500230700002200245 a9789349946323 aM 894.812 07bRAG/S aSahithyam samskaram:bakhyanathinte puthuvazhikal/cby Ragini E. V (ed.) aKozhikode:bPavanatma Publishers,c2025. a208p. aLiterature Malayalam Study aLiterature Malayalam aLiterature aRagini E. V (ed.)